000 00254nam a2200097Ia 4500
001 650487
005 20250826154400.0
008 250824s9999 xx 000 0 und d
245 0 _aFosil Bey’in Dinozor Dersleri
_cValerie Wilding
260 _bBEYAZ BALİNA
999 _c650487
_d650487